Perspektívy tretieho sektora na Slovensku

Význam tretieho sektora pri riešení vážnych celospoločenských problémov. Pojmom tretí sektor sa označujú najmä občianske združenia, nadácie a organizácie vytvorené cirkvami. Pôsobenie nadácií a občianskych združení na Slovensku. Problém financovania tretieho sektora. Perspektívy tretieho sektora.

Guardado en:
Detalles Bibliográficos
Autor principal: Zamkovský, J.
Formato: Capítulo de libro
Lenguaje:eslovaco
Materias:
Etiquetas: Agregar Etiqueta
Sin Etiquetas, Sea el primero en etiquetar este registro!

MARC

LEADER 00000naa a2200000 4500
001 r025376
005 20230919112918.2
041 0 |a slo 
044 |a SK 
245 1 0 |a Perspektívy tretieho sektora na Slovensku  |c J. Zamkovský 
520 |a Význam tretieho sektora pri riešení vážnych celospoločenských problémov. Pojmom tretí sektor sa označujú najmä občianske združenia, nadácie a organizácie vytvorené cirkvami. Pôsobenie nadácií a občianskych združení na Slovensku. Problém financovania tretieho sektora. Perspektívy tretieho sektora. 
610 2 0 |a sektor terciárny 
610 2 0 |a Slovensko 
610 2 0 |a združenia 
610 2 0 |a nadácie 
610 2 0 |a organizácie neziskové 
610 2 0 |a financovanie 
100 1 |a Zamkovský, J.